Jóvenes, culturas y poderes /
Bewaard in:
| Hoofdauteur: | |
|---|---|
| Formaat: | Boek |
| Taal: | Spaans |
| Gepubliceerd in: |
Bogotá, Colombia : Manizales, Colombia : Antioquia, Colombia :
Siglo del Hombre ; Universidad de Manizales ; Centro Internacional de Educación y Desarrollo Humano,
2011, c2011
|
| Reeks: | (Biblioteca Universitaria Ciencias Sociales y Humanidades. Latinoamericana de Niñez y Juventud)
|
| Onderwerpen: | |
| Tags: |
Geen labels, Wees de eerste die dit record labelt!
|
MARC
| LEADER | 00000nam^a2200000^a^4500 | ||
|---|---|---|---|
| 001 | 000399181 | ||
| 005 | 20250521000000.0 | ||
| 009 | 20260310121545.397 | ||
| 020 | |a 978-958-665-195-0 | ||
| 037 | |a Acervo ITESO - Biblioteca | ||
| 041 | |a ESP | ||
| 082 | |a 305. 2309861 |b MUÑ | ||
| 100 | |a Muñoz González, Germán |e (edición) | ||
| 245 | 1 | 0 | |a Jóvenes, culturas y poderes / |c Ed. de G. Muñoz González. |
| 264 | 4 | |a Bogotá, Colombia : |b Siglo del Hombre ; |a Manizales, Colombia : |b Universidad de Manizales ; |a Antioquia, Colombia : |b Centro Internacional de Educación y Desarrollo Humano, |c 2011, c2011 | |
| 300 | |a 253 p. | ||
| 336 | |a texto |b txt |2 rdacontenido | ||
| 337 | |a sin mediación |b n |2 rdamedio | ||
| 338 | |a volumen |b nc |2 rdasoporte | ||
| 440 | 1 | |a (Biblioteca Universitaria Ciencias Sociales y Humanidades. |p Latinoamericana de Niñez y Juventud) | |
| 521 | |a FIL 2017 EEnlace Centro de Aprendizaje en Red | ||
| 649 | |a XX | ||
| 650 | |a Jóvenes - |z Colombia - |x Condiciones Sociales y Culturales - |x Tema Principal | ||
| 650 | |a Identidad Cultural - |z Colombia | ||
| 650 | |a Vida Pública - |z Colombia | ||
| 650 | |a Redes Sociales - |z Colombia | ||
| 650 | |a Comportamiento Político - |z Colombia | ||
| 650 | |a Sociología de la Cultura - |z Colombia | ||
| 910 | |a Fondo General | ||
| 920 | |a Impresos - Libros | ||
| 930 | |a Colección General | ||
| 905 | |a 101 | ||
| 901 | |a 0500294438 |b IT1 |c ACC |i c157458 |u 20250521 | ||
| 902 | |a https://opac.biblio.iteso.mx/vufind/Record/000399181 | ||